| 000 -LEADER |
| fixed length control field |
01047nam a2200229Ia 4500 |
| 001 - CONTROL NUMBER |
| control field |
9374 |
| 003 - CONTROL NUMBER IDENTIFIER |
| control field |
GE_BSU |
| 008 - FIXED-LENGTH DATA ELEMENTS--GENERAL INFORMATION |
| fixed length control field |
181216s||||||||xx |||||||||||||| ||und|| |
| 040 ## - CATALOGING SOURCE |
| Transcribing agency |
GE_BSU |
| 080 ## - UNIVERSAL DECIMAL CLASSIFICATION NUMBER |
| Universal Decimal Classification number |
94(47+57)''1941-1945''(093.3) |
| 100 ## - MAIN ENTRY--PERSONAL NAME |
| Personal name |
მამისაშვილი,არჩილ |
| 245 ## - TITLE STATEMENT |
| Title |
ტყვეები აღმოსავლეთისაკენ მიდიან |
| 245 ## - TITLE STATEMENT |
| Remainder of title |
მოგონებები და ნარკვევები დიდ სამამულო ომზე |
| 245 ## - TITLE STATEMENT |
| Statement of responsibility, etc. |
რედ.მ.ცხოვრებოვა.მხატვ.ა.ვანეევი |
| 260 ## - PUBLICATION, DISTRIBUTION, ETC. |
| Place of publication, distribution, etc. |
ცხინვალი |
| 260 ## - PUBLICATION, DISTRIBUTION, ETC. |
| Name of publisher, distributor, etc. |
ირისთონი |
| 260 ## - PUBLICATION, DISTRIBUTION, ETC. |
| Date of publication, distribution, etc. |
1974 |
| 300 ## - PHYSICAL DESCRIPTION |
| Extent |
127გვ.ილ.,1ფ.პორტრ.19სმ. |
| 653 ## - INDEX TERM--UNCONTROLLED |
| Uncontrolled term |
მოგონებები და ნარკვევები დიდ სამამულო ომზე |
| 653 ## - INDEX TERM--UNCONTROLLED |
| Uncontrolled term |
ტყვეები აღმოსავლეთისაკენ მიდიან |
| 942 ## - ADDED ENTRY ELEMENTS (KOHA) |
| Koha item type |
წიგნი |